000
00306nam a2200121Ia 4500
008
240109s9999 xx 000 0 und d
041
_a
eng
100
_a
Brown Dennis E.
245
_a
RFID Implementation
260
_b
Tata Mccraow Hill Pub. Co. Lim. New Delhi
300
_a
473
650
_a
Management
999
_c
1034828
_d
1034828